| 000 | 00859nas a2200289 4500 | ||
|---|---|---|---|
| 001 | BR0204330 | ||
| 003 | BR-BrBNA | ||
| 005 | 20231205103214.0 | ||
| 007 | ta | ||
| 008 | 230509b bl.|||p| |||| 00| 00por d | ||
| 040 |
_aBR-BrBNA _bpor _cBiblioteca Nacional de Agricultura |
||
| 041 | _a(Pt) | ||
| 072 | _aP32; U10 | ||
| 100 | 1 | _aBarros, Z.X. de | |
| 100 | 1 | _aCampos, S. | |
| 100 | 1 | _aCardoso, L.G. | |
| 100 | 1 | _aPollo, R.A. | |
| 245 | 1 | _aEstatística multivariada e contraste ortogonal aplicados a variáveis do relevo | |
| 650 | _aSOLO | ||
| 650 | _aDISTRIBUIÇÃO GEOGRÁFICA | ||
| 650 | _aMÉTODO | ||
| 650 | _aLATOSSOLO VERMELHO | ||
| 650 | _aLATOSSOLO AMARELO | ||
| 773 | 0 |
_tEngenharia Agrícola (Brazil) _xISSN 0100-6916 _g(May 2002), v. 22(2) p. 249-257 _wBR0204330 |
|
| 909 |
_a202311 _bLúcia _c55 _dLúcia Elande |
||
| 942 |
_2AGRIS _n0 _cANA |
||
| 999 |
_c171649 _d171649 |
||